| 000 | 01096aab a2200193 i 4500 | ||
|---|---|---|---|
| 001 | 768714001 | ||
| 003 | CO-MdFUSB | ||
| 005 | 20240322092452.0 | ||
| 008 | 240322t1989 ag ||||| |||| 00| 0 spa d | ||
| 040 |
_bspa _cCO-MdFUSB |
||
| 041 | _aspa | ||
| 100 | 1 |
_aSmith, Fred _eautor |
|
| 245 | 1 | 0 |
_aAlgunos principios del iglecrecimiento en los Hechos de los apóstoles _c/ Fred Smith |
| 300 |
_aVolumen 8, número 1 (marzo, 1989), páginas: 6 - 13 _c; 27 cm |
||
| 520 | _aEn la lectura del libro de los Hechos, encontramos por lo menos 28 principios de Iglecrecimiento. Es cierto que Lucas no conoció el término "iglecrecimiento" y que tal vez no tuvo en mente el propósito de definir sus principios. Sin embargo, implícitamente lo hizo y descubrirlos tiene mucho valor para su implementación en nuestras iglesias a fin de que puedan crecer de la misma manera que en los días de Pedro, Pablo, Bernabé, Juan, Marcos, Silas y Lucas. | ||
| 653 | _aIglecrecimiento | ||
| 773 | 0 |
_tIglesia y Misión _049402 _959672 _gVolumen 8, número 1 (marzo, 1989), páginas: 6 - 13 _qpáginas: 6 |
|
| 942 | _cANA | ||
| 999 |
_c51790 _d51790 |
||